Quick Pick: Word-ish Quiz Stats

 Plays Quiz Updated Mar 30, 2016

Challenge
Share
Tweet
Embed
Score 0/12 Timer 01:00
0 Plays Today
% Correct
Anguish
88.6%
Wish
88.3%
Squish
87.5%
Distinguish
87.3%
Rubbish
86.7%
Abolish
85.3%
Varnish
84.9%
Knish
81.7%
Bullish
79.9%
Establish
76.9%
Furnish
75.4%
Lavish
74.4%

Today's Daily Dose

Missing Word
Hayao Miyazaki

Word Ladder
Florida

On This Day
December 13th II

You're not logged in!

Compare scores with friends on all Sporcle quizzes.
OR
Log In

You Might Also Like...

Show Comments

Extras

Top Quizzes Today


Score Distribution

Your Account Isn't Verified!

In order to create a playlist on Sporcle, you need to verify the email address you used during registration. Go to your Sporcle Settings to finish the process.

Report this User

Report this user for behavior that violates our Community Guidelines.

Details: